|
|
|
|
| LEADER |
02549nam a2200553 a 4500 |
| 001 |
nkc20091852877 |
| 003 |
CZ PrNK |
| 005 |
20090702144953.0 |
| 007 |
ta |
| 008 |
090507s2008 xr a f m 000 0 cze |
| 015 |
|
|
|a cnb001852877
|
| 020 |
|
|
|a 978-80-248-1888-7
|q (brož.) :
|c neprodejné
|
| 035 |
|
|
|a (OCoLC)403641906
|
| 040 |
|
|
|a ABA001
|b cze
|
| 041 |
0 |
|
|a cze
|b eng
|
| 072 |
|
7 |
|a 332
|x Regionální ekonomie, regionální ekonomika
|2 Konspekt
|9 4
|
| 080 |
|
|
|a 711.4/.8
|2 MRF
|
| 080 |
|
|
|a 330.322
|2 MRF
|
| 080 |
|
|
|a 332.146:69
|2 MRF
|
| 080 |
|
|
|a (043.3)
|2 MRF
|
| 080 |
|
|
|a (048.3)
|2 MRF
|
| 100 |
1 |
|
|a Skácelová, Alena,
|d 1960-
|7 mzk2009512559
|4 dis
|
| 245 |
1 |
0 |
|a Zhodnocení vazeb výkonů investičního procesu s vazbou na územní plán a strategický plán obce :
|b autoreferát disertační práce /
|c Alena Skácelová
|
| 260 |
|
|
|a Ostrava :
|b VŠB - Technická univerzita Ostrava,
|c 2008
|
| 300 |
|
|
|a 30 s. :
|b il. ;
|c 20 cm
|
| 490 |
1 |
|
|a Vědecké publikace Fakulty stavební Vysoké školy báňské - Technické univerzity Ostrava. Doktorské disertační, habilitační a inaugurační spisy,
|x 1213-7456
|
| 500 |
|
|
|a Autoreferát disertační práce (Ph.D.)--Vysoká škola báňská - Technická univerzita Ostrava, Fakulta stavební, katedra městského inženýrství a stavitelství, 2008
|
| 500 |
|
|
|a Studijní program: P 3607 Stavební inženýrství, studijní obor: 3607V012 Městské inženýrství a stavitelství
|
| 500 |
|
|
|a 36 výt.
|
| 504 |
|
|
|a Obsahuje bibliografii
|
| 546 |
|
|
|a Anglické resumé
|
| 650 |
0 |
7 |
|a rozvoj měst
|7 ph137468
|2 czenas
|
| 650 |
0 |
7 |
|a investice
|7 ph114790
|2 czenas
|
| 650 |
0 |
7 |
|a výstavba
|7 ph127458
|2 czenas
|
| 650 |
0 |
9 |
|a urban development
|2 eczenas
|
| 650 |
0 |
9 |
|a investments
|2 eczenas
|
| 650 |
0 |
9 |
|a real estate development
|2 eczenas
|
| 655 |
|
7 |
|a disertace
|7 fd132024
|2 czenas
|
| 655 |
|
7 |
|a autoreferáty
|7 fd131857
|2 czenas
|
| 655 |
|
9 |
|a dissertations
|2 eczenas
|
| 655 |
|
9 |
|a autoabstracts
|2 eczenas
|
| 710 |
2 |
|
|a Vysoká škola báňská - Technická univerzita Ostrava.
|b Katedra městského inženýrství
|7 kn20050413013
|
| 810 |
2 |
|
|a Vysoká škola báňská - Technická univerzita Ostrava.
|b Stavební fakulta.
|t Vědecké publikace.
|p Doktorské disertační, habilitační a inaugurační spisy
|0 s
|
| 910 |
2 |
|
|a BOA001
|b 2-1224.198
|
| 928 |
9 |
|
|a Vysoká škola báňská - Technická univerzita
|
| 990 |
|
|
|a BK
|
| 995 |
|
|
|a 01
|
| 991 |
|
|
|b 200906
|c NOV
|
| 996 |
6 |
|
|b 2610379263
|c 2-1224.198
|l MZK
|r Sklad / do 1 hodiny
|n 3
|p p.v.
|w 000937130
|u 000010
|a 1
|e BOA001
|j MZK50
|s P
|